MARC

LEADER 00000nam0a2200000 4500
001 42376
005 20231031015339.0
010 |a 5922102346 
035 |a (RuTPU)RU\TPU\book\43631 
090 |a 42376 
100 |a 20020902d2002 k y0rusy50 ca 
101 0 |a rus 
102 |a RU 
105 |a a z 001zy 
200 1 |a Методы математического моделирования измерительно-вычислительных систем  |f Ю. П. Пытьев 
210 |a Москва  |c Физматлит  |d 2002 
215 |a 383 с.  |c ил. 
320 |a Библиогр.: с. 374-379. 
451 1 |0 (RuTPU)RU\TPU\book\93508  |y 5-9221-0446-2  |t Методы математического моделирования измерительно-вычислительных систем  |f Ю. П. Пытьев  |e 2-е изд., перераб.  |c М.  |n Физматлит  |d 2004  |p 400 с.  |a Пытьев, Юрий Петрович 
610 1 |a кибернетика математическая 
610 1 |a измерительно-вычислительные системы 
610 1 |a математическое моделирование 
610 1 |a линейное статистическое оценивание 
610 1 |a данные 
610 1 |a измерения 
610 1 |a размерность 
610 1 |a случайные множества 
610 1 |a статистические гипотезы 
610 1 |a линейная редукция 
675 |a 519.7  |v 3 
700 1 |a Пытьев  |b Ю. П.  |g Юрий Петрович 
801 1 |a RU  |b 63413507  |c 20020902  |g PSBO 
801 2 |a RU  |b 63413507  |c 20080523  |g PSBO 
942 |c BK